| 000 | 01398nam a22003614a 4500 | ||
|---|---|---|---|
| 001 | ebr10079941 | ||
| 003 | CaPaEBR | ||
| 006 | m u | ||
| 007 | cr cn||||||||| | ||
| 008 | 050411s2005 dcua sb i000 0 eng | ||
| 010 | _z 2005047084 | ||
| 020 | _z0821359746 | ||
| 040 |
_aCaPaEBR _cCaPaEBR |
||
| 035 | _a(OCoLC)70739794 | ||
| 050 | 1 | 4 |
_aHC820 _b.H37 2005eb |
| 082 | 0 | 4 |
_a338.91/09611/09049 _222 |
| 100 | 1 | _aHassan, Fareed M. A. | |
| 245 | 1 | 0 |
_aTunisia _h[electronic resource] : _bunderstanding successful socioeconomic development. |
| 260 |
_aWashington, DC : _bWorld Bank, _c2005. |
||
| 300 |
_axviii, 100 p. : _bcol. ill. |
||
| 490 | 1 | _aOED | |
| 500 | _a"Fareed M.A. Hassan was task manager for this report"--P. v. | ||
| 504 | _aIncludes bibliographical references. | ||
| 533 |
_aElectronic reproduction. _bPalo Alto, Calif. : _cebrary, _d2013. _nAvailable via World Wide Web. _nAccess may be limited to ebrary affiliated libraries. |
||
| 650 | 0 |
_aEconomic assistance _zTunisia _xEvaluation. |
|
| 651 | 0 |
_aTunisia _xEconomic conditions. |
|
| 651 | 0 |
_aTunisia _xSocial conditions. |
|
| 651 | 0 |
_aTunisia _xEconomic policy. |
|
| 655 | 7 |
_aElectronic books. _2local |
|
| 710 | 2 | _aebrary, Inc. | |
| 830 | 0 | _aOED series (Washington, D.C.) | |
| 856 | 4 | 0 |
_uhttp://site.ebrary.com/lib/rucke/Doc?id=10079941 _zAn electronic book accessible through the World Wide Web; click to view |
| 999 |
_c54082 _d54082 |
||